000 00405nam a22001697a 4500
003 MPLRDC
005 20220104144227.0
008 210129b ||||| |||| 00| 0 eng d
082 _a857.9 ZY-21 v.3
100 _a朱羽原著
245 _a梅花特攻队
_c
250 _a初版
260 _a
_b金兰文化出版社
_c1990
300 _b
650 _a武侠小说
942 _cBK
_o857.9 ZY-21 v.3
999 _c47614
_d47604